|
|
|
|
| LEADER |
00843nta a2200205 i 4500 |
| 001 |
dokt8377 |
| 005 |
20221109144920.0 |
| 008 |
221109s1973 hu om 0|| hun d |
| 040 |
|
|
|a SZTE Doktori Repozitórium
|b hun
|
| 041 |
|
|
|a hun
|
| 100 |
2 |
|
|a Révayné Rajkányi Katalin
|
| 245 |
1 |
0 |
|a Hidrogénion koncentráció, ATP és cisztein hatása érzékenyített Tetrahymena pyriformis L.G. fényindukált mozgására
|h [elektronikus dokumentum] /
|c Révayné Rajkányi Katalin
|
| 260 |
|
|
|c 1973
|
| 502 |
|
|
|a Disszertacio
|
| 650 |
|
4 |
|a biológiai tudományok
|
| 650 |
|
4 |
|a Biológiai tudományok
|
| 650 |
|
4 |
|a Zoológia, ornitológia, entomológia, viselkedéstudomány biológiája
|
| 695 |
|
|
|a Állattan
|
| 700 |
1 |
|
|a Biczók Ferenc
|e ths
|
| 856 |
4 |
0 |
|u https://doktori.bibl.u-szeged.hu/id/eprint/8377/1/1973_revayne_rajkanyi_katalin.pdf
|z Dokumentum-elérés
|